I Write Sins Not Tragedies - Panic! At The Disco (All Lyrics) - Statistics

General Stats
  • This quiz has been taken 625 times
  • The average score is 270 of 302
Answer Stats
I Write Sins Not Tragedies % Correct
I
100%
a
99%
the
99%
The
99%
hear
98%
in
98%
of
98%
you
98%
door?
96%
ever
96%
heard
96%
people
96%
with
96%
With
96%
an
95%
Closing
95%
Haven't
95%
is
95%
No
95%
to
95%
What
95%
what
95%
And
94%
and
94%
I'm
94%
Verse 1 | Verse 2 Oh
94%
bride
93%
goddamn
92%
but
91%
chime
91%
it
91%
wedding
91%
well
91%
Well
91%
whore
91%
beautiful
90%
can't
89%
groom's
89%
sense
89%
words
89%
it's
88%
shame
88%
help
87%
imagine
87%
rationality
87%
things
87%
better
86%
church
86%
exchanging
86%
poor
86%
these
86%
corridor
84%
As
83%
much
83%
kinds
82%
says
82%
bridesmaid
81%
poise
81%
Post-Chorus Poise
81%
fact
78%
pacing
78%
this
78%
face
76%
so
76%
waiter
76%
at
73%
look
73%
champagne
72%
for
72%
pour
71%
Pour
71%
saved
71%
marriage
69%
pews
69%
toast
69%
technically
68%
calls
67%
our
67%
mean
66%
way
66%
yes
60%
I'll
47%
Again
43%
No matching quizzes found
Score Distribution
Percent of People with Each Score
Percentile by Number Answered
Your Score History
You have not taken this quiz